000 005250000a22001690004500
003 MACL
005 20160224161550.0
008 160224b xxu||||| |||| 00| 0 eng d
040 _aMACL
_cMACL
041 _aHindi
082 _a800
100 _aहरिभाअू अुपाध्‍याय
_940128
245 _aजीवन का सदव्‍यय
260 _bनवजीवन प्रकाशन मंदिर
_aअहमदाबाद
650 _aLiteracture
_939932
942 _cHIN
_k800
_2ddc
999 _c23291
_d23291